Efectos de la Ley 100 en salud propuestas de reforma / (Registro nro. 3673)
[ vista simple ]
| 000 -LEADER | |
|---|---|
| fixed length control field | 01175nam a2200277Ia 4500 |
| 003 - CONTROL NUMBER IDENTIFIER | |
| control field | OSt |
| 005 - DATE AND TIME OF LATEST TRANSACTION | |
| control field | 20200819153545.0 |
| 008 - FIXED-LENGTH DATA ELEMENTS--GENERAL INFORMATION | |
| fixed length control field | 191128s2011 ck ad gr 000 0 spa d |
| 020 ## - INTERNATIONAL STANDARD BOOK NUMBER | |
| International Standard Book Number | 9789589934852 |
| 040 ## - CATALOGING SOURCE | |
| Original cataloging agency | Co-JMCR |
| Transcribing agency | Co-JMCR |
| 041 0# - LANGUAGE CODE | |
| Language code of text/sound track or separate title | spa |
| 082 04 - DEWEY DECIMAL CLASSIFICATION NUMBER | |
| Classification number | 368.4 / |
| Item number | A185e |
| Edition number | 23 |
| 100 1# - MAIN ENTRY--PERSONAL NAME | |
| Personal name | Acosta, Paula |
| Relator term | autor |
| 9 (RLIN) | 8914 |
| 245 10 - TITLE STATEMENT | |
| Title | Efectos de la Ley 100 en salud propuestas de reforma / |
| Statement of responsibility, etc. | Paula Acosta, Fabían García, Jose Luis González |
| 250 ## - EDITION STATEMENT | |
| Edition statement | Primera edición |
| 260 ## - PUBLICATION, DISTRIBUTION, ETC. | |
| Place of publication, distribution, etc. | Bogotá : |
| Name of publisher, distributor, etc. | Fedesarrollo, |
| Date of publication, distribution, etc. | 2011. |
| 300 ## - PHYSICAL DESCRIPTION | |
| Extent | 539 Páginas : |
| Other physical details | graficas ; |
| Dimensions | 24 cm. |
| 505 0# - FORMATTED CONTENTS NOTE | |
| Formatted contents note | Presentación -- Un diagnostico general del sector salud en colombia: Evolución, contexto y principales retos en un sistema de transformación -- Evaluación del impacto de la reforma de 1993 al sistema genral de seguridad social en salud |
| 650 24 - SUBJECT ADDED ENTRY--TOPICAL TERM | |
| Topical term or geographic name entry element | Sistema general de seguridad social en salud |
| Geographic subdivision | Colombia |
| 9 (RLIN) | 7812 |
| 650 24 - SUBJECT ADDED ENTRY--TOPICAL TERM | |
| Topical term or geographic name entry element | Régimen subsidiado en salud |
| Geographic subdivision | Colombia |
| 9 (RLIN) | 8915 |
| 650 24 - SUBJECT ADDED ENTRY--TOPICAL TERM | |
| Topical term or geographic name entry element | Política de salud |
| Geographic subdivision | Colombia |
| 9 (RLIN) | 8916 |
| 650 24 - SUBJECT ADDED ENTRY--TOPICAL TERM | |
| Topical term or geographic name entry element | Seguridad social |
| Geographic subdivision | Colombia |
| 9 (RLIN) | 7785 |
| 700 1# - ADDED ENTRY--PERSONAL NAME | |
| Personal name | Fabían García, |
| 9 (RLIN) | 8917 |
| 700 1# - ADDED ENTRY--PERSONAL NAME | |
| Personal name | González, Jose Luis, |
| 9 (RLIN) | 8918 |
| 942 ## - ADDED ENTRY ELEMENTS (KOHA) | |
| Source of classification or shelving scheme | Dewey Decimal Classification |
| Koha item type | Books |
| Withdrawn status | Lost status | Source of classification or shelving scheme | Materials specified (bound volume or other part) | Damaged status | Not for loan | Home library | Current library | Shelving location | Date acquired | Source of acquisition | Full call number | Barcode | Date last seen | Copy number | Price effective from | Koha item type |
|---|---|---|---|---|---|---|---|---|---|---|---|---|---|---|---|---|
| Dewey Decimal Classification | Donación--23/07/2018-- | Biblioteca Pública José María del Castillo y Rada | Biblioteca Pública José María del Castillo y Rada | General Stacks | 11/28/2019 | Dpnación | 368.4 / A185e | 201807569 | 05/16/2024 | Ej.1 | 11/28/2019 | Books |